Fundamentals of electromagnetics with MATLAB / (Record no. 26629)

MARC details
000 -LEADER
fixed length control field 01064nam a22003137a 4500
005 - DATE AND TIME OF LATEST TRANSACTION
control field 20090520144926.0
008 - FIXED-LENGTH DATA ELEMENTS--GENERAL INFORMATION
fixed length control field 081128t xxu||||| |||| 00| 0 eng d
010 ## - LCCN (DPL NO)
LC control number ENG-93628
020 ## - INTERNATIONAL STANDARD BOOK NUMBER
International Standard Book Number 9788120337374
Terms of availability 425.00
035 ## - SYSTEM CONTROL NUMBER
System control number EN-77161
037 ## - SOURCE OF ACQUISITION
Source of stock number/acquisition DBAD / PUB
040 ## - CATALOGING SOURCE
Original cataloging agency dpl
Language of cataloging English
082 ## - DEWEY DECIMAL CLASSIFICATION NUMBER
Classification number 537
100 ## - MAIN ENTRY--PERSONAL NAME
Personal name Lonngren, Karl E.
110 ## - MAIN ENTRY--CORPORATE NAME
Corporate name or jurisdiction name as entry element Career Launcher
245 ## - TITLE STATEMENT
Title Fundamentals of electromagnetics with MATLAB /
Statement of responsibility, etc by Karl E. Lonngren, Sava V. Savov [and] Randy J. Jost
250 ## - EDITION STATEMENT
Edition statement 2nd ed.
260 ## - PUBLICATION, DISTRIBUTION, ETC. (IMPRINT)
Place of publication, distribution, etc New Delhi
Name of publisher, distributor, etc PHI Learning
Date of publication, distribution, etc 2009
270 ## - ADDRESS
Address M-97, Connaught Circus,
City New Delhi
Postal code 110001
300 ## - PHYSICAL DESCRIPTION
Extent xxii, 529p.
Dimensions 24cm(pbk)
Accompanying material CD-ROM
500 ## - GENERAL NOTE
General note Includes index
650 ## - SUBJECT ADDED ENTRY--TOPICAL TERM
Topical term or geographic name as entry element MATLAB
650 ## - SUBJECT ADDED ENTRY--TOPICAL TERM
Topical term or geographic name as entry element Electromagnetic theory
650 ## - SUBJECT ADDED ENTRY--TOPICAL TERM
Topical term or geographic name as entry element Electrical engineering
700 ## - ADDED ENTRY--PERSONAL NAME
Personal name Savov, Sava V.
700 ## - ADDED ENTRY--PERSONAL NAME
Personal name Jost, Randy J.
942 ## - ADDED ENTRY ELEMENTS (KOHA)
Source of classification or shelving scheme Dewey Decimal Classification
Item type English Books
Call number suffix LON
Classification part 537
Holdings
Withdrawn status Lost status Source of classification or shelving scheme Damaged status Not for loan Collection code Home library Current library Date acquired Source of acquisition Cost, normal purchase price Total Checkouts Full call number Barcode Date last seen Copy number Cost, replacement price Koha item type
    Dewey Decimal Classification   Not For Loan Non-fiction D.B.Act.Division D.B.Act.Division 20/05/2009 DBAD / PUB 425.00   537 LON EN-77161 20/05/2009 1 425.00 English Books

© Delhi Public Library
Hit Counter
free hit counter